Fußballvereine im Profibereich aus Baden-Württemberg (gesamt Historie) - Statistiken

Allgemein
  • Dieses Quiz wurde 161 mal gespielt
  • Das Durchschnittsergebnis liegt bei 11 aus 17
Antwortstatistiken
Höchste Liga 23/24 Verein % Korrekt
Bundesliga Bundesliga VfB Stuttgart
99%
Bundesliga 2. Bundesliga Karlsruher SC
91%
Bundesliga Bundesliga SC Freiburg
91%
Bundesliga Regionalliga Stuttgarter Kickers
91%
Bundesliga Bundesliga Hoffenheim
90%
Bundesliga Bundesliga 1. FC Heidenheim
87%
Bundesliga 3. Liga SSV Ulm 1846
87%
Bundesliga 3. Liga Waldhof Mannheim
85%
2. Bundesliga 3. Liga SV Sandhausen
63%
2. Bundesliga Oberliga SSV Reutlingen 05
59%
2. Bundesliga Regionalliga VfR Aalen
58%
2. Bundesliga Verbandsliga Freiburger FC
45%
2. Bundesliga aufgelöst VfR Heilbronn
44%
3. Liga Oberliga Sonnenhof Großaspach
43%
2. Bundesliga Oberliga VfR Mannheim
37%
2. Bundesliga Bezirksliga BSV 07 Schwenningen
18%
2. Bundesliga Verbandsliga VfB Eppingen
15%
Keine übereinstimmenden Quizze gefunden
Verteilung der Resultate
Anzahl Personen mit jedem Resultat
Perzentil nach korrekt beantworteten Fragen
Ihre Resultats-Entwicklung
Sie haben dieses Quiz noch nicht gespielt